Online
Catalog

Elements of farm management. (Record no. 11237)

MARC details
000 -CABECERA
campo de control de longitud fija 00658cam a22002291 4500
001 - NÚMERO DE CONTROL
campo de control 000011542
005 - FECHA Y HORA DE LA ÚLTIMA TRANSACCIÓN
campo de control 20200929162502.0
008 - DATOS DE LONGITUD FIJA--INFORMACIÓN GENERAL
campo de control de longitud fija 751020s1947 nyuab 000 0 eng
010 ## - NÚMERO DE CONTROL DE LA BIBLIOTECA DEL CONGRESO
Número de control de LC agr47000043
035 ## - NÚMERO DE CONTROL DEL SISTEMA
Número de control de sistema (OCoLC)1717903
040 ## - FUENTE DE LA CATALOGACIÓN
Centro catalogador/agencia de origen DO-SdBNP
Centro/agencia transcriptor FJ
Centro/agencia modificador DLC
050 00 - SIGNATURA TOPOGRÁFICA DE LA BIBLIOTECA DEL CONGRESO
Número de clasificación S561
Número de documento/Ítem .H7 1947
082 ## - NÚMERO DE LA CLASIFICACIÓN DECIMAL DEWEY
Número de clasificación 631.1
100 1# - ENTRADA PRINCIPAL--NOMBRE DE PERSONA
Nombre de persona Hopkins, John A.
Forma completa/desarrollada del nombre (John Abel),
Fechas asociadas al nombre 1897-
9 (RLIN) 27301
245 00 - MENCIÓN DE TÍTULO
Título Elements of farm management.
250 ## - MENCIÓN DE EDICIÓN
Mención de edición 3d ed.
260 ## - PUBLICACIÓN, DISTRIBUCIÓN, ETC.
Lugar de publicación, distribución, etc. New York, :
Nombre del editor, distribuidor, etc. Prentice-Hall,
Fecha de publicación, distribución, etc. 1947.
300 ## - DESCRIPCIÓN FÍSICA
Extensión xvi, 524 p. :
Otras características físicas illus., maps. ;
Dimensiones 21 cm.
500 ## - NOTA GENERAL
Nota general Includes "References."
650 #0 - PUNTO DE ACCESO ADICIONAL DE MATERIA--TÉRMINO DE MATERIA
Término de materia o nombre geográfico como elemento de entrada Farm management.
9 (RLIN) 27302
910 ## - DATOS DE OPCIÓN DEL USUARIO (OCLC)
Datos de opción del usuario Catalogación derivada
Holdings
Estado de retiro Estado de pérdida Restricciones de uso No para préstamo Código de colección Localización permanente Ubicación/localización actual Ubicación en estantería Fecha de adquisición Número de inventario Total de préstamos Signatura topográfica completa Código de barras Fecha visto por última vez Precio válido a partir de Tipo de ítem Koha
    Préstamo interno   Monografías: Libros y Folletos General General En catalogación 20.10.2009 LF1   631.1 11542-10 25.06.2020 25.06.2020 Préstamo interno

Powered by Koha